00339cam a2200145ua 4500001000400000008003900004040000900043041001200052082001600064100003700080245001900117260001600136300001700152653002400169257120704n II |||gr||||Z||||||asm aMAIN aEnglish a891.451 GOS aGOSWAMI, SRI SATYENDRA NARAYAN . aPRAKIT SAHITYA a[s.l]:bXXX a000.:c20CM. aASSAMESE LITERATURE